Devinez l'État Américain Mystère #19 - Statistiques

Statistiques générales
  • Ce quiz a été pris 210 fois
  • Le résultat moyen est 30 sur 38
Statistiques - réponses
Type de Réponse Réponse % Correct
Lettre Trouvée N
100%
Lettre Trouvée A
99%
Lettre Trouvée E
99%
Lettre Trouvée I
99%
Lettre Trouvée O
99%
Lettre Trouvée R
99%
Lettre Trouvée S
99%
Lettre Trouvée L
98%
Lettre Trouvée D
96%
Lettre de l'Alphabet K
93%
Lettre de l'Alphabet T
93%
Lettre de l'Alphabet W
93%
Lettre de l'Alphabet C
92%
Lettre de l'Alphabet M
92%
Lettre de l'Alphabet U
91%
Lettre de l'Alphabet Y
87%
Lettre de l'Alphabet G
86%
Lettre Trouvée H
86%
Lettre de l'Alphabet V
86%
Lettre de l'Alphabet F
85%
Lettre de l'Alphabet X
80%
Lettre de l'Alphabet P
72%
Lettre de l'Alphabet B
69%
Lettre de l'Alphabet Q
67%
Lettre de l'Alphabet J
65%
Lettre de l'Alphabet Z
63%
Lettre Bien Placée A
56%
Lettre Bien Placée D
56%
Lettre Bien Placée D
56%
Lettre Bien Placée E
56%
Lettre Bien Placée H
56%
Lettre Bien Placée I
56%
Lettre Bien Placée L
56%
Lettre Bien Placée N
56%
Lettre Bien Placée O
56%
Lettre Bien Placée R
56%
État Mystère Rhode Island
56%
Lettre Bien Placée S
56%
Aucun quiz correspondant
Distribution des résultats
% des personnes avec chaque résultat
Percentile par nombre de réponses
Votre historique - résultats
Vous n’avez pas pris ce quiz